Cinemática de los engranajes : (Record no. 20514)

000 -CABECERA
fixed length control field 00845nam a22001937a 4500
003 - IDENTIFICADOR DEL NÚMERO DE CONTROL
control field AR-CdUCM
008 - DATOS DE LONGITUD FIJA--INFORMACIÓN GENERAL
fixed length control field 190530b ||||| |||| 00| 0 spa d
040 ## - FUENTE DE LA CATALOGACIÓN
Agencia/entidad que catalogó originalmente la obra MUNICIPALIDAD PROVINCIAL DEL CUSCO
Entidad que transcribió la catalogación BIBLIOTECA MUNICIPAL DEL CUSCO
082 ## - NÚMERO DE LA CLASIFICACIÓN DECIMAL DEWEY
No. de Clasificación 621.83 /
Notacion interna L91
100 ## - ENTRADA PRINCIPAL--NOMBRE DE PERSONA
Nombre Personal Loyarte Urrutibehety, C.F
245 ## - MENCIÓN DE TÍTULO
Título Cinemática de los engranajes :
Resto del título Estudio de los mecanismos de ruedas dentadas con numerosos ejemplos de aplicación /
260 ## - PUBLICACIÓN, DISTRIBUCIÓN, ETC.
Lugar de publicación, distribución, etc. Buenos Aires :
Nombre de la editorial, distribuidor, etc. G. Gili,
-- Balmes,
Fecha de publicación, distribución, etc. 1952.
300 ## - DESCRIPCIÓN FÍSICA
Nº de Páginas Extensión 236 páginas ;
Otros detalles físicos Ilustraciones,
Dimensiones 27 cm.
505 ## - NOTA DE CONTENIDO CON FORMATO
Nota de contenido formateada Contenido : Mecanismos de engranajes -- Mecanismos epicicloidales planos -- Mecanismos epicicloidales esféricos...
650 ## - PUNTO DE ACCESO ADICIONAL DE MATERIA--TÉRMINO DE MATERIA
Descriptor Nociones fundamentales de cinemática
9 (RLIN) 42876
650 ## - PUNTO DE ACCESO ADICIONAL DE MATERIA--TÉRMINO DE MATERIA
Descriptor Transmisiones silenciosas y sincronizadas
9 (RLIN) 42877
942 ## - ELEMENTOS DE PUNTO DE ACCESO ADICIONAL (KOHA)
Fuente de clasificación
Tipo de item Libros-BMC
945 ## - PROCESAMIENTO DE INFORMACIÓN LOCAL (OCLC)
Catalogador andy
Holdings
Estado de retiro (separado) Fuente de clasificación o esquema de estanterías Estado dañado Ubicación Sala donde se ubica Nombre de la colección Fecha de adquisición o compra Costo, precio normal en soles Signatura topográfica Código de Barras Última vez visto (Koha) Tipo de ítem (Koha)
No     Sala Ciencias Sala Ciencias Book Cart 2019-05-30 30.00 621.83 / L91 SC0000001972 2019-05-30 Libros-BMC

Powered by Koha